000 00219nam a2200097Ia 4500
005 20251222175817.0
008 251222s9999||||xx |||||||||||||| ||spa||
082 _aDVD0070/O45/2005
245 0 _aCentochiodi:
942 _cDVD
999 _c40354
_d40354